| 000 | 01339nam a2200325 i 4500 | ||
|---|---|---|---|
| 003 | EG-GICUC | ||
| 005 | 20260121101514.0 | ||
| 008 | 251216s2000 ua de||fr|||| 000 0 ara d | ||
| 017 | _a2000/17411 | ||
| 020 | _a977-309-039-x | ||
| 040 |
_a EG-GICUC _bara _c EG-GICUC _d EG-GICUC _erda |
||
| 041 | 0 | _aara | |
| 082 | 0 | 4 |
_221 _a343.651 _bط ر . ع |
| 092 | 0 | 4 | _221 |
| 099 | _aLaw1 10 343.651 ط ر . ع 2000 | ||
| 100 | 0 |
_aطريف شوقي. _eمؤلف. |
|
| 245 | 1 | 2 |
_aالعنف في الأسرة المصرية : _bدراسة نفسية استكشافية. _nالتقرير الثاني / _cإعداد الدكتور طريف شوقي ؛ إشراف احمد المجدوب. |
| 264 | 1 |
_aالقاهرة : _bالمركز القومي للبحوث الاجتماعية والجنائية، _c2000. |
|
| 300 |
_a524 صفحة، صفحات غير مرقمة ، مختلف الترقيم : _bجداول، رسوم بيانية ؛ _c24 سم. |
||
| 336 |
_2rda content _atext |
||
| 337 |
_2rda media _aComputer |
||
| 338 |
_2rda carrier _aOnline Resource |
||
| 546 | _aالنص باللغة العربية | ||
| 650 | 1 |
_aالإجرام العنف. _2qrmak |
|
| 651 | 1 | _2qrmak | |
| 700 | 0 | _aاحمد المجدوب. | |
| 856 | 4 | 0 | _uhttps://fll.law.cu.edu.eg/fulltext/bks/B10-07072.pdf |
| 905 |
_a62 _eYara |
||
| 942 |
_2ddc _cBK _e21 _n0 |
||
| 999 |
_c51012 _d51012 |
||